000
00215nam a22000977a 4500
999
_c
15871
_d
15871
003
OSt
008
191022b ||||| |||| 00| 0 eng d
100
_a
Ezhuthachan.
_9
4362
245
_a
Sree Mahaabharatham
942
_c
BK